000 01751cad a22002535a 4500
001 L144936
008 080826s2008 xxk df sl000 0 eng d
035 _a(Sirsi) u144936
041 0 _aeng
110 2 _aUnited Kingdom
_bDepartment for Communities and Local Government
_94939
245 0 0 _aCost analysis of the code for sustainable homes
_bfinal report
_h[electronic resource]
260 _c2008
505 2 _aIntroduction -- Revisions to previous cost estimates in light of finalised technical guidance -- Development scenarios against which costs have been considered -- Estimated costs -- Potential for cost reduction -- Conclusions
520 _aReports the final results of the research done to update and improve cost benchmarks for reaching different performance levels set by the Code for sustainable homes. Has the goal of clarifying the costs in line with the technical guide of the Code for sustainable homes. Reviews Cyril Sweet?s initial cost analysis for specific credits by taking into consideration the technical guidance of the code. Uses chosen development scenarios to provide cost analysis. Presents estimates of costs and savings on utility bills, carbon emissions and use of drinking water of each development type for chosen scenarios.
521 _aAdvanced
590 _aKA
650 2 4 _aDCLG CODE FOR SUSTAINABLE HOMES
650 2 4 _aDCLG CODE FOR SUSTAINABLE HOMES
_vTECHNICAL GUIDE
_dAPRIL 2008
651 4 _aEngland and Wales
_y1543-
690 _aBUILT ENVIRONMENT-BUILDING COSTS
690 _aBUILT ENVIRONMENT-SUSTAINABLE CONSTRUCTION
856 4 8 _uhttps://www.communities.gov.uk/publications/planningandbuilding/codecostanalysis
_zView the report free of charge at www.communities.gov.uk...
942 _n0
999 _c108659
_d108659